Os 15 melhores exércitos do mundo - Statistics

Estatísticas Gerais
  • Esse quiz foi jogado 174 vezes
  • A pontuação média é 12 de 15
Estatísticas das Respostas
Hint Resposta % Correto
#1 Estados Unidos
100%
#2 Rússia
99%
#12 Brasil
98%
#3 China
97%
#9 França
95%
#8 Japão
92%
#5 Reino Unido
92%
#4 Índia
90%
#6 Coreia do Sul
88%
#10 Itália
84%
#7 Paquistão
67%
#11 Turquia
65%
#15 Ucrânia
63%
#14 Egito
62%
#13 Indonésia
56%
Nenhum quiz correspondente encontrado
Distribuição das Pontuações
Porcentagem de Pessoas com Cada Pontuação
Percentil de Números Respondidos
Sua Pontuação Histórica
Você não jogou esse quiz